The wall street journal on management : Adding value through synergy
Because starting a small business is not only a huge financial risk but also a complete lifestyle change, anyone who wants to be his or her own boss needs to approach entrepreneurship thoughtfully and with careful planning.
Đã lưu trong:
| Format: | Bog |
|---|---|
| Sprog: | Undetermined |
| Udgivet: |
New York
Plum
1991
|
| Fag: | |
| Tags: |
Tilføj Tag
Ingen Tags, Vær først til at tagge denne postø!
|
| Thư viện lưu trữ: | Trung tâm Học liệu Trường Đại học Cần Thơ |
|---|
| LEADER | 00691nam a2200181Ia 4500 | ||
|---|---|---|---|
| 001 | CTU_42993 | ||
| 008 | 210402s9999 xx 000 0 und d | ||
| 082 | |a 658.4 | ||
| 082 | |b W187 | ||
| 245 | 4 | |a The wall street journal on management : | |
| 245 | 0 | |b Adding value through synergy | |
| 260 | |a New York | ||
| 260 | |b Plum | ||
| 260 | |c 1991 | ||
| 520 | |a Because starting a small business is not only a huge financial risk but also a complete lifestyle change, anyone who wants to be his or her own boss needs to approach entrepreneurship thoughtfully and with careful planning. | ||
| 650 | |a Management | ||
| 904 | |i Minh, 010822 | ||
| 980 | |a Trung tâm Học liệu Trường Đại học Cần Thơ | ||